000
00265cam a2200109ua 4500
082
_a
630.21
_b
NOR/AD
100
_a
Norman, A. G.
_9
1723
245
_a
Advances in Agronomy, Vol - 13 /
260
_a
New York :
_b
Academic Press ,
_c
1955.
300
_a
386 ; .
942
_c
BK
999
_c
379
_d
379